Statistics for Countries that Start with D - Shape Quiz

Click here to take the quiz!

General Stats

  • This quiz has been taken 954 times
    (426 since last reset)
  • The average score is 4 of 5

Answer Stats

Country % Correct
Denmark
99%
Djibouti
85%
Democratic Republic
of the Congo
79%
Dominican Republic
75%
Dominica
71%

Score Distribution

Percentile by Number Answered

Percent of People with Each Score

Your Score History

You have not taken this quiz since the last reset